Frankreich WM-Kader 2026 - Statistiken

Allgemein
  • Dieses Quiz wurde 48 mal gespielt
  • Das Durchschnittsergebnis liegt bei 19 aus 27
Antwortstatistiken
# Position Verein Spieler % Korrekt
© Angriff Real Madrid Kylian Mbappé
98%
Angriff FC Bayern München Michael Olise
98%
Abwehr FC Bayern München Dayot Upamecano
95%
Tor AC Mailand Mike Maignan
95%
Angriff Paris-Saint Germain Ousmane Dembélé
90%
Mittelfeld Real Madrid Aurélien Tchouaméni
88%
Angriff Paris Saint-Germain Désiré Doué
88%
Abwehr FC Arsenal William Saliba
88%
Abwehr FC Liverpool Ibrahima Konaté
85%
Angriff Inter Mailand Marcus Thuram
85%
Abwehr FC Barcelona Jules Koundé
83%
Mittelfeld Fenerbahce Istanbul N'Golo Kanté
78%
- Trainer - Didier Deschamps
75%
Angriff Paris Saint-Germain Bradley Barcola
73%
Abwehr Al-Hilal Theo Hernández
70%
Abwehr Paris Saint-Germain Lucas Hernández
68%
Mittelfeld Manchester City Rayan Cherki
63%
Mittelfeld Paris Saint-Germain Warren Zaïre-Emery
63%
Angriff Crystal Palace Jean-Philippe Mateta
55%
Mittelfeld AC Mailand Adrien Rabiot
50%
Abwehr FC Chelsea Malo Gusto
48%
Mittelfeld AS Rom Manu Koné
48%
Tor Stade Rennes Brice Samba
40%
Abwehr Aston Villa Lucas Digne
40%
Abwehr Crystal Palace Maxence Lacroix
38%
Angriff AS Monaco Maghnes Akliouche
35%
Tor RC Lens Robin Risser
20%
Keine übereinstimmenden Quizze gefunden
Verteilung der Resultate
Anzahl Personen mit jedem Resultat
Perzentil nach korrekt beantworteten Fragen
Ihre Resultats-Entwicklung
Sie haben dieses Quiz noch nicht gespielt